000 00446nam a2200181Ia 4500
005 20240823060215.0
008 240823s9999||||xx |||||||||||||| ||und||
041 _aENGLISH
082 _A621.4021 N0
100 _aKothadaraman C P
245 0 _aThermodynamics and Heat Engines
250 _a3rd
260 _c1990
_bDhanpat Rai &
_aDelhi
500 _aTRANSFERED
650 _aThermodynamics
_bMechanical
942 _cBK
999 _c230583
_d230583